Exchange rate variability, pressures and optimum currency area criteria lessons for the Central and Eastern european countries

Salvato in:
Dettagli Bibliografici
Autore principale: Horváth, Roman
Natura: Libro
Lingua:inglese
Pubblicazione: Praha Czech National Bank 2005
Serie:Working paper series 8/2005
Soggetti:
Tags: Aggiungi Tag
Nessun Tag, puoi essere il primo ad aggiungerne!!

MARC

LEADER 00000nam$a2200000$$$4500
001 0038329
005 20240313135314.8
041 0 |a eng 
044 |a CZ 
245 1 0 |a Exchange rate variability, pressures and optimum currency area criteria  |b lessons for the Central and Eastern european countries  |c Roman Horváth 
264 1 |a Praha  |b Czech National Bank  |c 2005 
300 |a 26 s. 
490 1 |a Working paper series  |v 8/2005 
830 0 |a Working paper series  |v 8/2005 
610 2 0 |a kurz devízový 
610 2 0 |a oblasti menové 
610 2 0 |a euro 
610 2 0 |a modelovanie ekonometrické 
610 2 0 |a stredná Európa 
610 2 0 |a východná Európa 
100 1 |a Horváth, Roman